| 000 | 01372cam a22002891i 4500 | ||
|---|---|---|---|
| 003 | SA-RiAUC | ||
| 005 | 20250914144432.0 | ||
| 008 | 250910s1990 ku o g f00010 ara c | ||
| 040 |
_aSA-RIMASH _bara _cSA-RiAUC _erda |
||
| 043 |
_aa-ku--- _aa-iq--- |
||
| 082 | 0 | 4 |
_a327.1175670538 _qSA-RiAUC |
| 090 |
_a327.1175670538 _b و ك ا |
||
| 110 | 2 |
_aوكالة الأنباء الكويتية. _bإدارة المعلومات والأبحاث _eمؤلف. |
|
| 245 | 1 | 2 |
_aالغدر / _cإعداد إدارة المعلومات والأبحاث بوكالة الأنباء الكويتية. |
| 250 | _aالطبعة الثانية. | ||
| 264 | 1 |
_aالكويت : _bوكالة الأنباء الكويتية، إدارة المعلومات، _c1990 |
|
| 300 |
_a47 صفحة : _bصور ؛ _c24 سم |
||
| 336 |
_aنص _btxt _2rdacontent _3كتاب |
||
| 337 |
_aبدون وسيط _bn _2rdamedia |
||
| 338 |
_aمجلد _bnc _2rdacarrier |
||
| 520 | 0 | _aيستعرض زيارة أمير الكويت للعراق ونتائجها من إحتلال العراق للكويت والمآسي الناجمة من هذا الإحتلال. | |
| 590 | _a27 / 7 / 1994. | ||
| 650 | 7 |
_aحرب الخليج، 1991 _2aucsh |
|
| 651 | 7 |
_aالكويت _xتاريخ _yالاحتلال العراقي، 1990-1991 _2aucsh |
|
| 942 |
_2ddc _cBOOK _n0 |
||
| 949 |
_aSA-JeALM _d250910 _umohamedma123 _n1 |
||
| 999 |
_c11706 _d11706 |
||